[Event "Open A"]
[Site "Genova ITA"]
[Date "2001.11.19"]
[Round "1"]
[White "Paragua,M"]
[Black "Di Lazzaro,G"]
[Result "1-0"]
[WhiteElo "2447"]
[BlackElo "2015"]

1.Nf3 d5 2.g3 Nc6 3.Bg2 e5 4.d3 f6 5.O-O Be6 6.e4 Nge7 7.c3 Qd7 8.exd5 Nxd5
9.d4 exd4 10.Nxd4 Nxd4 11.Qxd4 c5 12.Qe4 O-O-O 13.Rd1 f5 14.Qf3 Qf7 15.Na3 Rd7
16.Nc2 f4 17.c4 Nb6 18.Rxd7 Qxd7 19.Bxf4 Nxc4 20.Rd1 Bg4 21.Rxd7 Bxf3 22.Bh3 g5
23.Rxh7+  1-0

[Event "ch-Balkan"]
[Site "Istanbul TUR"]
[Date "2001.11.19"]
[Round "1"]
[White "Nikolaidis,I"]
[Black "Haznedaroglu,K"]
[Result "1-0"]
[WhiteElo "2524"]
[BlackElo "2328"]

1.Nf3 d5 2.g3 Nf6 3.Bg2 c6 4.b3 Bf5 5.Bb2 e6 6.d3 Be7 7.Nbd2 O-O 8.O-O Nbd7
9.c4 h6 10.Rc1 a5 11.a3 Qb6 12.Rc2 Rfc8 13.Qa1 Qd8 14.Ne5 Nxe5 15.Bxe5 Qf8
16.Bb2 Nd7 17.Rfc1 Rd8 18.Nf3 Bf6 19.Bxf6 Nxf6 20.Qb2 Qe7 21.Nd4 Bg6 22.cxd5 Nxd5
23.Nf3 f6 24.Rc5 Be8 25.d4 Nc7 26.e3 Nb5 27.Nd2 Bf7 28.a4 Nd6 29.Qc3 Qc7
30.e4 Qb6 31.Qe3 Rd7 32.Bh3 Qd8 33.Nf3 Ne8 34.Bf1 Nd6 35.Bd3 Nc8 36.e5 f5
37.Bxf5 exf5 38.e6 Re7 39.exf7+ Rxf7 40.d5 cxd5 41.Qe6 Nd6 42.Ne5 Qf6 43.Qxd5  1-0

[Event "Open A"]
[Site "Genova ITA"]
[Date "2001.11.20"]
[Round "2"]
[White "Lazic,Mi"]
[Black "Outioupine,V"]
[Result "1-0"]
[WhiteElo "2449"]
[BlackElo "2151"]

1.g3 d5 2.Nf3 Nf6 3.Bg2 c6 4.O-O Bf5 5.d3 e6 6.b3 Be7 7.Bb2 h6 8.c4 Nbd7
9.Nbd2 O-O 10.a3 Qb6 11.Ra2 Rac8 12.Qa1 Rfd8 13.b4 c5 14.cxd5 exd5 15.bxc5 Nxc5
16.a4 Ne6 17.a5 Qc7 18.Nd4 Nxd4 19.Bxd4 Qb8 20.Rb1 Bd7 21.Be5 Qa8 22.Nc4 Rc5
23.Ne3 Be6 24.Bd4 Rc6 25.Qb2 Rd7 26.f4 Rdc7 27.f5 Bc8 28.Nxd5 Nxd5 29.Bxd5 Rc2
30.Qxc2 Rxc2 31.Rxc2 Bxf5 32.a6  1-0

[Event "ch-ESP Gp A"]
[Site "Cala Mendia, Mallorca ESP"]
[Date "2001.11.21"]
[Round "5"]
[White "Cacho Reigadas,S"]
[Black "Gomez Esteban,J"]
[Result "1-0"]
[WhiteElo "2463"]
[BlackElo "2499"]

1.Nf3 d5 2.g3 c5 3.c4 d4 4.b4 cxb4 5.a3 bxa3 6.Bxa3 Nc6 7.Bg2 Nf6 8.d3 e5
9.Bxf8 Kxf8 10.O-O g6 11.Qa4 Kg7 12.Nfd2 Bg4 13.Re1 Rc8 14.Nb3 Qe7 15.N1d2 Rc7
16.Qa3 Re8 17.Qxe7 Rexe7 18.Bxc6 bxc6 19.Ra5 Rb7 20.f3 Bc8 21.Rea1 Ne8 22.Kf2 Nd6
23.Nc5 Rb2 24.Ncb3 a6 25.R1a2 Rxa2 26.Rxa2 Rb7 27.Ra5 f6 28.f4 exf4 29.gxf4 Nf5
30.Ra3 Rd7 31.Nf3 h6 32.h4 Kf7 33.Ra4 Ke7 34.Ra5 Kd8 35.h5 Rg7 36.Nbxd4 Nxd4
37.Nxd4 gxh5 38.Rxa6 Bxa6 39.Ne6+ Kd7 40.Nxg7 h4 41.Nf5 Ke6 42.e4 Kf7 43.Nxh4 Bc8
44.f5 c5 45.Ng2 Bd7 46.Nf4 Ke7 47.Nd5+ Kf7 48.Kg3 Ba4 49.Ne3 Bb3 50.Kf4 Ba2
51.Nd5 Bb1 52.Ke3 Bc2 53.Nf4 Ke7 54.d4 cxd4+ 55.Kxd4 Ba4 56.c5 Kf7 57.Nh5 Bc6
58.Ng3 Ke7 59.e5 fxe5+ 60.Kxe5 Be8 61.Ne4 h5 62.f6+ Kd7 63.Ng5 h4 64.Kd5 Kc7
65.Ne6+ Kc8 66.Nf4 Kc7 67.Ke6 Kd8 68.Kd6 Bf7 69.c6 Kc8 70.c7 Bg8 71.Nh3 Bf7
72.Ng5 Bg8 73.f7 Bxf7 74.Nxf7 h3 75.Ke5  1-0

[Event "ch-Balkan"]
[Site "Istanbul TUR"]
[Date "2001.11.21"]
[Round "4"]
[White "Mastrovasilis,A"]
[Black "Seitaj,I"]
[Result "0-1"]
[WhiteElo "2442"]
[BlackElo "2386"]

1.Nf3 d5 2.g3 c5 3.Bg2 Nc6 4.c4 e6 5.O-O Nf6 6.d4 Be7 7.dxc5 Bxc5 8.a3 O-O
9.b4 Be7 10.Bb2 dxc4 11.Qc2 Bd7 12.Qxc4 Rc8 13.Qb3 Qb6 14.Nbd2 Rfd8 15.Rfd1 Be8
16.e3 Qb5 17.Rac1 a6 18.Qa2 a5 19.Bf1 Qa4 20.b5 Na7 21.b6 Nb5 22.Be2 Nd5
23.Qa1 Nxb6 24.Bxg7 Qxa3 25.Rb1 Qxa1 26.Bxa1 Bb4 27.Ne4 Rxd1+ 28.Rxd1 Nd5
29.Bxb5 Bxb5 30.Ne5 Be2 31.Rb1 Bh5 32.g4 Bg6 33.Nxg6 hxg6 34.Bd4 f5 35.Ng5 Rc6
36.Nf3 Nc3 37.Bxc3 Rxc3 38.Ne5 fxg4 39.Rd1 Rc7 40.Rd8+ Kg7 41.Ra8 Bc3 42.Nd3 e5
43.Kg2 b5 44.Rb8 b4 45.Rb5 a4 46.Nxb4 Bxb4 47.Rxb4 Ra7 48.Kg3 a3 49.Rb1 a2
50.Ra1 Ra4 51.e4 Kf6 52.h4 gxh3 53.Kxh3 Ke6 54.f3 Kd6 55.Kh4 Kc5 56.Kg5 Ra6  0-1

[Event "American Open"]
[Site "Los Angeles USA"]
[Date "2001.11.22"]
[Round "2"]
[White "Jones,Cr"]
[Black "Pilnick,C"]
[Result "1-0"]
[WhiteElo "2266"]
[BlackElo "2136"]

1.Nf3 d5 2.g3 g6 3.Bg2 Bg7 4.O-O Nf6 5.c4 c6 6.d4 O-O 7.cxd5 cxd5 8.Ne5 Nc6
9.Nc3 Be6 10.Nxc6 bxc6 11.Na4 Qc8 12.Nc5 Bh3 13.Qa4 Bxg2 14.Kxg2 Nd7 15.Nxd7 Qxd7
16.Bf4 f6 17.Rac1 e5 18.Be3 Rac8 19.Rc2 Rc7 20.Rfc1 Rfc8 21.b3 h5 22.h4 f5
23.dxe5 Bxe5 24.Bd2 c5 25.Qxd7 Rxd7 26.Rxc5 Rxc5 27.Rxc5 Kf7 28.Kf3 Bd4 29.Rc6 Bb6
30.a4 d4 31.a5 Bd8 32.b4 d3 33.exd3 Rxd3+ 34.Ke2 Rd5 35.Ra6 Rd7 36.Be3 Be7
37.Rxa7 Rxa7 38.Bxa7 Bxb4 39.a6  1-0

[Event "ch-ITA"]
[Site "Montecatini Terme ITA"]
[Date "2001.11.22"]
[Round "2"]
[White "Belotti,B"]
[Black "Scafarelli,F"]
[Result "1-0"]
[WhiteElo "2403"]
[BlackElo "2304"]

1.Nf3 d5 2.g3 g6 3.Bg2 Bg7 4.O-O e5 5.d3 Ne7 6.Nbd2 O-O 7.e4 Nbc6 8.c3 h6
9.exd5 Nxd5 10.Re1 Bf5 11.Ne4 Bxe4 12.dxe4 Nb6 13.Qb3 Qd3 14.Nd2 Rfd8 15.Bf1 Qd6
16.a4 Qc5 17.Qb5 Qxb5 18.axb5 Ne7 19.Nb3 Nec8 20.Na5 Rb8 21.Be3 f5 22.c4 f4
23.gxf4 exf4 24.Bxf4 Bxb2 25.Bxc7 Bxa1 26.Rxa1  1-0

[Event "Bundesliga 2001-2"]
[Site "Heiligenhaus GER"]
[Date "2001.11.24"]
[Round "3"]
[White "Kengis,E"]
[Black "Dutreeuw,M"]
[Result "1/2-1/2"]
[WhiteElo "2561"]
[BlackElo "2375"]

1.Nf3 d5 2.g3 Bg4 3.Bg2 c6 4.O-O Nd7 5.d4 Ngf6 6.Nbd2 e6 7.Re1 Be7 8.e4 dxe4
9.Nxe4 Nxe4 10.Rxe4 Nf6 11.Re1 Qb6 12.c3 O-O 13.Qb3 Qxb3 14.axb3 Bxf3 15.Bxf3 Rfd8
16.Bd2 Kf8 17.Re2 Rd7 18.Kg2 Bd8 19.b4 Nd5 20.Be4 h5 21.f4 g6 22.h3 Bb6 23.g4 hxg4
24.hxg4 Nf6 25.Bf3 Kg7 26.f5 exf5 27.gxf5 Re8 28.Rxe8 Nxe8 29.fxg6 fxg6 30.Bf4 Nd6
31.Be5+ Kf8 32.Bg4 Nf5 33.Bxf5 gxf5 34.Kf3 Rf7 35.Kf4 Ke8 36.c4 a6 37.Rh1 Bd8
38.Rh6 Kd7 39.d5 cxd5 40.cxd5 Ke8 41.Rh8+ Kd7 42.d6 Bf6 43.Rb8 Ke6 44.Re8+ Kd7
45.Ra8  1/2-1/2

[Event "ch-Balkan"]
[Site "Istanbul TUR"]
[Date "2001.11.24"]
[Round "7"]
[White "Nikolaidis,I"]
[Black "Seitaj,I"]
[Result "1/2-1/2"]
[WhiteElo "2524"]
[BlackElo "2386"]

1.Nf3 d5 2.g3 c5 3.c4 e6 4.Bg2 Nc6 5.O-O Nf6 6.d4 Be7 7.dxc5 Bxc5 8.a3 a6
9.b4 Ba7 10.Bb2 O-O 11.Nbd2 Qe7 12.Qc2 Rd8 13.e4 dxe4 14.Nxe4 Nxe4 15.Qxe4 f6
16.Rad1 e5 17.b5 axb5 18.cxb5 Rxd1 19.Rxd1 Na5 20.Bc3 Bb6 21.Nd4 g6 22.Qd5+ Kg7
23.Bb4 Qe8 24.Qe4 Bxd4 25.Bxa5 Rxa5 26.Rxd4 Rxb5 27.Rd3 Rc5 28.h4 Rc7 29.Qb4 Qe7
30.Rd6 Rd7 31.Rxd7 Qxd7 32.Qc5 Qd8 33.Bd5 b6 34.Qc6 Qd7 35.Qc4 Bb7 36.Bxb7 Qxb7
37.a4 Qd7 38.Kg2 h5 39.Qb4 Qc7 40.Qe4 f5 41.Qd5 Kh7 42.Qe6 Kg7 43.Qd5 Kf6
44.Qg8 Qd6 45.Qe8 Kg7 46.Qc8 Kf7 47.Qc4+ Ke7 48.Qc8 Qc5 49.Qg8 Qc6+ 50.Kh2 Qd6
51.Qc8 Qc5 52.Qb7+ Kd6 53.Kg1 Qc1+ 54.Kh2 Qc6 55.Qa7 Qc7 56.Qa6 Qc5 57.Kg1 Qa5
58.Qc8 Qxa4 59.Qb8+ Kd5 60.Qxb6 Qc6 61.Qd8+ Ke4 62.Qd2 f4 63.Kh2 Kf5 64.Qd3+ e4
65.Qd8 fxg3+ 66.Kg2 e3+ 67.Kxg3 exf2 68.Qg5+ Ke4 69.Qf4+ Kd3 70.Kxf2 Qe4
71.Qg3+ Kc2 72.Qg5 Qd4+ 73.Kf3 Qd3+ 74.Kg2 Qd2+ 75.Qxd2+ Kxd2 76.Kf3  1/2-1/2

[Event "Bundesliga 2001-2"]
[Site "Erfurt GER"]
[Date "2001.11.25"]
[Round "4"]
[White "Schaller,S"]
[Black "Teske,H"]
[Result "0-1"]
[WhiteElo "2301"]
[BlackElo "2504"]

1.Nf3 d5 2.g3 Bg4 3.Bg2 Nd7 4.c4 e6 5.O-O Ngf6 6.b3 c6 7.Bb2 Bd6 8.Nc3 Bxf3
9.exf3 O-O 10.f4 Qa5 11.d3 Ba3 12.Qc2 Rac8 13.Rad1 Bxb2 14.Qxb2 Qc7 15.Qa3 a5
16.Rc1 d4 17.Nb1 e5 18.fxe5 Nxe5 19.Rcd1 Rfe8 20.Nd2 Nfd7 21.Ne4 c5 22.Bh3 Nxd3
23.Bxd7 Qxd7 24.Rxd3 Rxe4 25.Qxa5 Qe6 26.Qb5 b6 27.Qa6 h5 28.h4 Re8 29.Qb7 Re7
30.Qa8+ Kh7 31.Rf3 Qh3 32.Rd3 f5 33.Qd5 R7e5 34.Qc6 f4 35.gxf4 Qxd3 36.fxe5 Rg4+  0-1

[Event "ch-ROM w"]
[Site "Targoviste ROM"]
[Date "2001.11.26"]
[Round "3"]
[White "Bogza,O"]
[Black "Tutulan,M"]
[Result "1/2-1/2"]
[WhiteElo "2143"]
[BlackElo "2012"]

1.Nf3 d5 2.g3 c6 3.Bg2 Bg4 4.O-O Nd7 5.d3 Ngf6 6.b3 e5 7.c4 Bc5 8.Bb2 Qe7
9.Qc2 O-O 10.e3 dxc4 11.Qxc4 Rad8 12.d4 exd4 13.exd4 Bd6 14.Re1 Be6 15.Qc2 Nd5
16.Nc3 Nxc3 17.Bxc3 Nb6 18.Bd2 h6 19.Ne5 Qf6 20.Rad1 Bd5 21.Ba5 Bc7 22.Bc3 Rfe8
23.f4 Bxg2 24.Kxg2 Nd5 25.Bb2 Qd6 26.Qf5 Qf6 27.Qc2 Nb4 28.Qd2 Nd5 29.Qc2 Nb4
30.Qd2 Nd5  1/2-1/2

[Event "FIDE WCh Women KO"]
[Site "Moscow RUS"]
[Date "2001.11.27"]
[Round "1.1"]
[White "Danielian,E"]
[Black "Shumiakina,T"]
[Result "1-0"]
[WhiteElo "2373"]
[BlackElo "2371"]

1.Nf3 d5 2.g3 c6 3.Bg2 Bg4 4.b3 e6 5.Bb2 Nf6 6.O-O Bd6 7.d3 O-O 8.Nbd2 Nbd7
9.h3 Bh5 10.c4 a5 11.a3 Qe7 12.Qc2 Rfe8 13.e4 dxe4 14.dxe4 e5 15.Nh4 Bg6
16.Nf5 Bxf5 17.exf5 Bc5 18.Rfe1 Qd6 19.Rad1 Qf8 20.Ne4 Bxa3 21.Nxf6+ Nxf6
22.Bxe5 Bb4 23.Re3 Rad8 24.Bf3 Rxd1+ 25.Qxd1 Rd8 26.Qa1 Nd7 27.Bc7 Ra8 28.Qd1 Nf6
29.g4 h6 30.Kg2 Re8 31.Be5 Nh7 32.h4 Rd8 33.Qa1 f6 34.Bc7 Ra8 35.Qd1 Qf7
36.Bf4 Nf8 37.Rd3 Qe7 38.Re3 Qd7 39.Rd3 Qe7 40.Re3 Qd7 41.Qc2 Qd2 42.Qe4 Bc5
43.Re2 Qc3 44.g5 hxg5 45.hxg5 fxg5 46.Be5 Qc1 47.Rc2 Qb1 48.f6 gxf6 49.Bxf6 Bd6
50.c5 Bf4 51.Qc4+ Kh7 52.Qf7+  1-0

[Event "ch-GER"]
[Site "Altenkirchen GER"]
[Date "2001.11.30"]
[Round "1"]
[White "Gutman,L"]
[Black "Singer,C"]
[Result "1-0"]
[WhiteElo "2489"]
[BlackElo "2300"]

1.Nf3 d5 2.g3 Bf5 3.Bg2 e6 4.c4 c6 5.cxd5 exd5 6.d3 h6 7.O-O Nf6 8.Be3 Bd6
9.Qb3 Qe7 10.Bd4 O-O 11.Bxf6 gxf6 12.Nc3 Na6 13.d4 Kh8 14.Nh4 Bh7 15.e4 dxe4
16.Nxe4 Rg8 17.Rae1 Bb4 18.Re3 f5 19.Nc5 Qf8 20.Nd7 Qg7 21.Ne5 Raf8 22.a3 Bd2
23.Re2 Bg5 24.Qxb7 Bxh4 25.Qxa6 f4 26.Qxc6 f6 27.Nd7 Rc8 28.Qd6 Bd3 29.Re7 Qg4
30.Ne5 Qf5 31.Nf7+ Kg7 32.Ng5+ Kg6 33.Nf3 Bg5 34.Ne5+  1-0

[Event "ch-GER"]
[Site "Altenkirchen GER"]
[Date "2001.12.02"]
[Round "3"]
[White "Dunsbach,R"]
[Black "Keilhack,H"]
[Result "1/2-1/2"]
[WhiteElo "2312"]
[BlackElo "2318"]

1.Nf3 d5 2.g3 Nf6 3.Bg2 c5 4.O-O Nc6 5.d4 e6 6.c4 Be7 7.Nc3 O-O 8.cxd5 exd5
9.dxc5 Bxc5 10.Bg5 d4 11.Bxf6 Qxf6 12.Nd5 Qd8 13.Nd2 Re8 14.Re1 Bg4 15.Nb3 Bb6
16.Rc1 Ba5 17.Nxa5 Qxa5 18.b4 Nxb4 19.Qd2 Nc6 20.Qxa5 Nxa5 21.Nc7 d3  1/2-1/2

[Event "ch-GER"]
[Site "Altenkirchen GER"]
[Date "2001.12.04"]
[Round "5"]
[White "Gutman,L"]
[Black "Jussupow,A"]
[Result "0-1"]
[WhiteElo "2489"]
[BlackElo "2633"]

1.Nf3 d5 2.g3 c6 3.Bg2 Bg4 4.c4 e6 5.Ne5 Bh5 6.cxd5 exd5 7.Bh3 f6 8.Nd3 Bd6
9.Nf4 Bxf4 10.gxf4 Qe7 11.Rg1 Nh6 12.b3 d4 13.d3 O-O 14.Ba3 c5 15.Nd2 Na6
16.Nf1 f5 17.Bg2 Rfe8 18.Ng3 Bf7 19.Qd2 Rac8 20.Qa5 Ng4 21.O-O-O Nb4 22.Bxb4 b6
23.Qa6 cxb4+ 24.Kb1 Nxf2 25.Rc1 Rxc1+ 26.Rxc1 g6 27.Bc6 Rd8 28.Bb5 Ng4 29.Bc4 Ne3
30.Bxf7+ Kxf7 31.Nf1 Nd5 32.Nd2 Nc3+ 33.Ka1 Qe3 34.Qc4+ Kf6 35.Qc6+ Qe6 36.Qg2 Re8
37.Re1 Qe3 38.Qg5+ Kg7 39.Nf3 Qf2 40.Qg3 Rxe2 41.Qxf2  0-1

[Event "ch-GER"]
[Site "Altenkirchen GER"]
[Date "2001.12.06"]
[Round "7"]
[White "Espig,L"]
[Black "Jussupow,A"]
[Result "1/2-1/2"]
[WhiteElo "2411"]
[BlackElo "2633"]

1.Nf3 d5 2.g3 c6 3.Bg2 Bg4 4.b3 Nd7 5.Bb2 e6 6.d3 Ngf6 7.Nbd2 Bd6 8.O-O O-O
9.Qe1 e5 10.e4 Re8 11.h3 Bh5 12.Nh4 Nc5 13.Kh1 Bf8 14.Nf5 Bg6 15.Nh4 Bh5
16.Nf5 Bg6 17.Nh4 dxe4 18.Nxg6 hxg6 19.dxe4 Qc7 20.Qe2 Rad8 21.Rfd1 Rd7 22.Kg1 b5
23.h4 Qb6 24.Nf1 a5 25.Rxd7 Ncxd7 26.Rd1 Bc5 27.Bh3 Nf8 28.Nh2 Bd4 29.c3  1/2-1/2

[Event "Rudenko mem w"]
[Site "St Petersburg RUS"]
[Date "2001.12.08"]
[Round "1"]
[White "Lomakina,G"]
[Black "Mokhova,K"]
[Result "1-0"]
[WhiteElo "2160"]
[BlackElo "2092"]

1.Nf3 d5 2.g3 Nc6 3.Bg2 Bg4 4.O-O Qd7 5.d3 O-O-O 6.b4 f6 7.b5 Nb8 8.Be3 Bxf3
9.Bxf3 d4 10.Bd2 h5 11.Bg2 h4 12.Na3 e5 13.Nc4 Ne7 14.Na5 Nd5 15.Rb1 Qe6
16.e3 hxg3 17.hxg3 b6 18.Nb3 c5 19.exd4 exd4 20.Qf3 g5 21.Rfe1 Qd7 22.a4 g4
23.Qe4 Bh6 24.Bxh6 Rxh6 25.Qe6 Qxe6 26.Rxe6 Nc3 27.Ra1 Nd7 28.a5 Nxb5 29.axb6 Nxb6
30.Nxc5 Rdh8 31.Ra5 Nc7 32.Rd6 Rh5 33.Rc6 Kb8 34.Rxf6 Rxc5 35.Rxc5 Nd7 36.Rxc7 Kxc7
37.Rc6+ Kb8 38.Rd6 Nb6 39.Rxd4 Rg8 40.c4 Kc7 41.c5 Nd7 42.Rc4 a5 43.d4 Rb8
44.d5 Rb4 45.d6+ Kd8 46.Rc1 Ne5 47.c6 Rc4 48.c7+ Kd7 49.Rd1 Nf3+ 50.Bxf3 gxf3
51.Rd3 a4 52.Kh2 Rc2 53.Kh3 a3 54.Rxa3 Kxd6 55.Rxf3 Rxc7 56.g4 Rh7+ 57.Kg3 Ke6
58.g5 Rh1 59.Kg4 Rh2 60.Rf6+ Ke7 61.f4 Rh1 62.Kf5 Rh5 63.Rh6  1-0

[Event "Rudenko mem w"]
[Site "St Petersburg RUS"]
[Date "2001.12.09"]
[Round "2"]
[White "Eidelson,R"]
[Black "Burtasova,A"]
[Result "0-1"]
[WhiteElo "2282"]
[BlackElo "2121"]

1.Nf3 d5 2.g3 Nf6 3.Bg2 c5 4.O-O e6 5.d4 Nc6 6.c4 dxc4 7.Qa4 cxd4 8.Nxd4 Qxd4
9.Bxc6+ bxc6 10.Qxc6+ Qd7 11.Qxa8 Bc5 12.Nc3 O-O 13.Qf3 Bb7 14.e4 Bd4 15.Rd1 e5
16.Qf5 Qc6 17.Be3 Bc8 18.Qg5 Bxc3 19.bxc3 Qxe4 20.Qh4 Qf3 21.Kf1 Bg4 22.Kg1 Bf5
23.Kf1 Be4 24.Bc5 Qh1+ 25.Ke2 Bf3+ 26.Kd2 Rd8+ 27.Bd4 Bxd1 28.Rxd1 Qf3 29.Kc1 exd4
30.Rxd4 Qxc3+  0-1

[Event "FSIMA December"]
[Site "Budapest HUN"]
[Date "2001.12.10"]
[Round "10"]
[White "Gonda,L"]
[Black "Galyas,M"]
[Result "1-0"]
[WhiteElo "2309"]
[BlackElo "2347"]

1.Nf3 d5 2.g3 c6 3.Bg2 Bg4 4.O-O Nd7 5.d4 e6 6.c4 Ngf6 7.Qb3 Qb6 8.c5 Qxb3
9.axb3 a6 10.Nc3 Be7 11.b4 O-O 12.Bf4 Ne4 13.Rfe1 Bf5 14.Nxe4 Bxe4 15.Nd2 Bxg2
16.Kxg2 Bf6 17.Bd6 Rfe8 18.Nb3 Be7 19.f3 Bxd6 20.cxd6 Nb6 21.e4 Nc4 22.e5 Nxb2
23.Na5 Rab8 24.Reb1 Nc4 25.Nxc4 dxc4 26.Rc1 Rec8 27.Rxc4 Kf8 28.f4 Ke8 29.g4 Kd7
30.Rc3 Rh8 31.Rh3 Rbf8 32.Kf3 h5 33.Rxh5 Rxh5 34.gxh5 Rh8 35.Rg1 Rh7 36.Ke4 Ke8
37.Rg3 Kf8 38.Rh3 Rh6 39.Kd3 g6 40.Kc4 b6 41.Ra3  1-0

[Event "Friendship GM"]
[Site "Prerove CZE"]
[Date "2001.12.10"]
[Round "7"]
[White "Gross,Dav CZE"]
[Black "Jirka,J"]
[Result "1/2-1/2"]
[WhiteElo "2469"]
[BlackElo "2330"]

1.Nf3 d5 2.g3 g6 3.Bg2 Bg7 4.O-O c5 5.d3 Nc6 6.Nbd2 Nf6 7.e4 O-O 8.Re1 e5
9.exd5 Nxd5 10.Nc4 f6 11.a4 Be6 12.c3 Qc7 13.a5 b5 14.axb6 axb6 15.Rxa8 Rxa8
16.Qb3 Bf7 17.Nfd2 Rd8 18.Bxd5 Rxd5 19.Qxb6 Qxb6 20.Nxb6 Rxd3 21.Ne4 c4 22.Be3 h6
23.Nd2 f5 24.Ndxc4 g5 25.Bc5 e4 26.g4 fxg4 27.Rxe4 h5 28.Kg2 h4 29.Ne3 Ne5
30.Rd4 Bg6 31.Nbd5 Kf7 32.Nb4 Rxd4 33.cxd4 Be4+ 34.Kf1 Nf3 35.Nxg4 Nxd4 36.Bd6 Ke6
37.Bb8 Nb3 38.Ne3 Bxb2 39.f4 Bc3 40.Na2 Bd2 41.Ke2 Bb1 42.Nc4 Bxf4 43.Bxf4 gxf4
44.Kf3 Bxa2 45.Kxf4 Nd4 46.Ne3 Bb3 47.Kg4 Ke5 48.Ng2  1/2-1/2

[Event "Rudenko mem w"]
[Site "St Petersburg RUS"]
[Date "2001.12.13"]
[Round "6"]
[White "Lomakina,G"]
[Black "Burtasova,A"]
[Result "1-0"]
[WhiteElo "2160"]
[BlackElo "2121"]

1.Nf3 d5 2.g3 Bg4 3.Bg2 c6 4.O-O Nf6 5.d3 Nbd7 6.Nbd2 e5 7.e4 dxe4 8.dxe4 Bc5
9.c3 a5 10.a4 O-O 11.Qc2 Qc7 12.Nc4 Bxf3 13.Bxf3 Rfd8 14.Kg2 b5 15.Ne3 Ba7
16.Nf5 bxa4 17.Qxa4 Nc5 18.Qxc6 Bb6 19.Qxc7 Bxc7 20.Bg5 Kf8 21.Ne3 Rdb8 22.Nc4 a4
23.Rad1 Rd8 24.Rfe1 h6 25.Bxf6 gxf6 26.Ne3 Nd3 27.Re2 Rab8 28.Nd5 Nxb2 29.Rb1 Nd3
30.Ra1 Bd6 31.Rxa4 Rb1 32.Bh5 Bc5 33.Ra6 f5 34.Rxh6 Kg7 35.Rf6 Rxd5 36.Rxf7+ Kh6
37.exd5 Kxh5 38.Rxf5+ Kg6 39.g4 Nf4+ 40.Rxf4 exf4 41.h4 Rd1 42.Re6+ Kg7 43.Re4 f3+
44.Kxf3 Rxd5 45.Ke2 Rd7 46.f4 Ra7 47.h5 Ra2+ 48.Kd3 Rh2 49.Kc4 Ba3 50.Kd5 Rd2+
51.Rd4 Rg2 52.g5 Bb2 53.Rc4 Rg3 54.Rc7+ Kg8 55.Rc8+ Kg7 56.h6+ Kh7 57.c4 Bc1
58.Ke4 Rg4 59.Rf8 Rg2 60.c5 Rc2 61.Rf7+ Kg8 62.g6 Re2+ 63.Kf5 Re8 64.c6 Bb2
65.c7 Rc8 66.Rd7 Rf8+ 67.Ke4 Bf6 68.g7 Ra8 69.Kf5 Bh4 70.Ke6 Re8+ 71.Kd6 Ra8
72.Kc6  1-0

[Event "Rudenko mem w"]
[Site "St Petersburg RUS"]
[Date "2001.12.13"]
[Round "6"]
[White "Chernova,N"]
[Black "Bistrikova,E"]
[Result "0-1"]
[WhiteElo "2147"]
[BlackElo "2139"]

1.Nf3 d5 2.g3 c5 3.Bg2 Nc6 4.d3 g6 5.Nbd2 Bg7 6.e4 e6 7.O-O Nf6 8.c3 O-O
9.Re1 Kh8 10.Qc2 b6 11.Nf1 a5 12.Ne3 Ba6 13.e5 Nd7 14.Ng4 h5 15.Bg5 Qc7 16.Nf6 Ncxe5
17.Nxd7 Nxf3+ 18.Bxf3 Qxd7 19.Qd2 Kh7 20.Qe2 Bb7 21.g4 hxg4 22.Bxg4 d4 23.Bf3 dxc3
24.bxc3 Bxc3 25.Bxb7 Qxb7 26.Qg4 Rh8 27.Rab1 Qd5 28.Re3 Kg7 29.Rxb6 Rab8
30.Rxb8 Rxb8 31.Bh6+ Kxh6  0-1

[Event "13th Masters"]
[Site "Clichy FRA"]
[Date "2001.12.15"]
[Round "1"]
[White "Dragojlovic,A"]
[Black "Dubois,L"]
[Result "1-0"]
[WhiteElo "2330"]
[BlackElo "2239"]

1.g3 d5 2.Nf3 c6 3.Bg2 Nf6 4.b3 Nbd7 5.Bb2 Qc7 6.d4 e6 7.O-O Bd6 8.c4 b6
9.Nc3 O-O 10.Rc1 a6 11.cxd5 exd5 12.e4 dxe4 13.Ng5 Bb7 14.Ncxe4 h6 15.Nxd6 Qxd6
16.Nf3 Nd5 17.Ne5 Rfe8 18.Qh5 Nxe5 19.dxe5 Qe7 20.Rc4 Rad8 21.Rg4 Bc8 22.e6 f6
23.Qg6 Bxe6 24.Bxd5 cxd5 25.Bxf6 Qxf6 26.Qxf6 Bxg4 27.Qd4 Bh3 28.Rc1 Re4
29.Qd3 Rde8 30.Qxd5+ Kh8 31.Qd2 Re2 32.Qc3 Rxa2 33.g4 Bxg4 34.h3 Bf5 35.Qc6 Kh7
36.Qxb6 Ree2 37.Rf1 Bg6 38.b4 Reb2 39.Qd4 Bf5 40.h4 h5 41.Rc1 Rd2 42.Qc5 Bg6
43.Kg2 Rd3 44.Rc4 Rad2 45.Qf8 Rd8 46.Qf4 R2d6 47.Rc7 Rd4 48.Qf6 Rg4+ 49.Kh2 Rg8
50.Qe7 Re4 51.Qf6 Rxb4 52.f3 a5 53.Kg3 a4 54.Ra7 Rb3 55.Qe7  1-0

[Event "Rudenko mem w"]
[Site "St Petersburg RUS"]
[Date "2001.12.15"]
[Round "8"]
[White "Eidelson,R"]
[Black "Mokhova,K"]
[Result "1/2-1/2"]
[WhiteElo "2282"]
[BlackElo "2092"]

1.Nf3 d5 2.g3 Nc6 3.d3 e5 4.Bg2 f5 5.O-O Nf6 6.c4 dxc4 7.Qa4 Bd6 8.Qxc4 Qe7
9.Nc3 Be6 10.Qa4 O-O 11.Ng5 Bd7 12.Qb3+ Kh8 13.Qxb7 Rab8 14.Qa6 Rb6 15.Qa4 Rb4
16.Qd1 h6 17.Nf3 Qf7 18.a3 Rbb8 19.Nd2 Nd4 20.e3 Ne6 21.f4 exf4 22.gxf4 g5
23.fxg5 Nxg5 24.Nf3 Qh5 25.h4 Nxf3+ 26.Qxf3 Qxh4 27.Qh3 Qxh3 28.Bxh3 Rg8+
29.Bg2 Rg6 30.Rf2 Rbg8 31.Kh1 Bc6 32.e4 fxe4 33.Rxf6 Rxf6 34.Be3 Rfg6 35.Bd4+ Kh7
36.Bxe4 Bxe4+ 37.Nxe4 Rf8 38.Rg1 a6 39.Rxg6 Kxg6 40.Kg2 h5 41.b4 Rf4 42.Bf2 Kf5
43.Be3 Rxe4 44.dxe4+ Kxe4 45.Kf2 h4 46.Ba7 h3 47.Bb8 Kd5 48.a4 Kc6 49.b5+ axb5
50.axb5+ Kxb5 51.Bxc7  1/2-1/2

[Event "TCh-CZE 2001-2"]
[Site "CZE"]
[Date "2001.12.16"]
[Round "5"]
[White "Tibensky,R"]
[Black "Vavra,P1"]
[Result "1-0"]
[WhiteElo "2442"]
[BlackElo "2451"]

1.Nf3 d5 2.g3 c5 3.Bg2 Nc6 4.O-O e6 5.d3 Nf6 6.Nbd2 Be7 7.e4 b6 8.Re1 Bb7
9.c3 h6 10.a3 g5 11.exd5 Nxd5 12.Nc4 Qc7 13.a4 O-O-O 14.a5 b5 15.a6 bxc4
16.axb7+ Qxb7 17.d4 Qb3 18.Qe2 cxd4 19.Nd2 Qb5 20.Nxc4 Kb8 21.Ne5 d3 22.Nxc6+ Qxc6
23.Qxd3 Rd7 24.Qe4 Rc8 25.Be3 f5 26.Qb1 Qc4 27.Bd4 Qb3 28.Rxe6 Nf4 29.Be5+ Rcc7
30.Bxc7+ Rxc7 31.Rxe7 Rxe7 32.gxf4 gxf4 33.Qxf5  1-0

[Event "XIV Carlos Torre"]
[Site "Merida MEX"]
[Date "2001.12.17"]
[Round "4"]
[White "Hernandez,Gi"]
[Black "Escobedo,J"]
[Result "1/2-1/2"]
[WhiteElo "2547"]
[BlackElo "2120"]

1.Nf3 d5 2.g3 Nf6 3.Bg2 g6 4.O-O Bg7 5.d3 O-O 6.Nbd2 Nbd7 7.e4 dxe4 8.dxe4 e5
9.Qe2 Qe7 10.a4 a5 11.b3 Rd8 12.Ba3 Qe8 13.Nc4 b6 14.Rfd1 Ba6 15.Nfd2  1/2-1/2

[Event "Christmas Open"]
[Site "Zadar CRO"]
[Date "2001.12.17"]
[Round "3"]
[White "Sutkovic,D"]
[Black "Kovacevic,B"]
[Result "0-1"]
[WhiteElo "2252"]
[BlackElo "2434"]

1.Nf3 d5 2.g3 Nc6 3.d4 Bg4 4.Bg2 e6 5.O-O Nf6 6.Bf4 Bd6 7.Bxd6 Qxd6 8.Nbd2 O-O
9.c3 e5 10.dxe5 Nxe5 11.Qc2 Rfe8 12.e3 Rad8 13.Rfe1 Ne4 14.Nxe5 Qxe5 15.f3 Nxd2
16.Qxd2 Bf5 17.g4 Bc8 18.Qd4 b6 19.Qxe5 Rxe5 20.f4 Re6 21.Rad1 Red6 22.h3 Kf8
23.Rd2 f6 24.Red1 Be6 25.e4 dxe4 26.Rxd6 Rxd6 27.Rxd6 cxd6 28.Bxe4 h5 29.b3 hxg4
30.f5 Bf7 31.hxg4 d5 32.Bd3 Ke7 33.Kf2 Kd6 34.Ke3 Ke5 35.b4 a5 36.a3 Be8
37.Bb1 Ba4 38.bxa5 bxa5 39.Kf3 Bd1+ 40.Kg3 Be2 41.Ba2 Ke4 42.Bb3 Bc4 43.Bd1 Kd3
44.g5 Kxc3 45.Kh4 Bd3 46.Bg4 Kd4 47.Kh5 Ke5 48.Kg6 fxg5 49.Kxg5 d4 50.Kg6 Kf4
51.Bd1 Bxf5+ 52.Kxg7 d3 53.Kf6 Bg4 54.Ba4 Ke4 55.Ke7 Kd5 56.Kf6 d2 57.Kg5 Bd7
58.Bc2 Bc8 59.Bd1 Be6 60.Bc2  0-1

[Event "13th Masters"]
[Site "Clichy FRA"]
[Date "2001.12.19"]
[Round "5"]
[White "Moingt,JC"]
[Black "Dubois,L"]
[Result "1/2-1/2"]
[WhiteElo "2297"]
[BlackElo "2239"]

1.Nf3 d5 2.g3 c6 3.Bg2 Nf6 4.d3 Bg4 5.Nbd2 e6 6.O-O Be7 7.c4 O-O 8.b3 Nbd7
9.Bb2 dxc4 10.bxc4 Qa5 11.h3 Bh5 12.Qc2 Rfd8 13.Bc3 Qc7 14.Qb2 Bd6 15.a4  1/2-1/2

[Event "It"]
[Site "Lvov UKR"]
[Date "2001.12.25"]
[Round "8"]
[White "Romanishin,O"]
[Black "Sulypa,A"]
[Result "1-0"]
[WhiteElo "2575"]
[BlackElo "2513"]

1.Nf3 d5 2.g3 Bg4 3.Ne5 Bf5 4.Bg2 f6 5.Nf3 Nc6 6.c4 d4 7.Nh4 Bg4 8.h3 Bd7
9.e4 g6 10.d3 e5 11.O-O Nh6 12.Na3 Nf7 13.Nc2 a5 14.Bd2 Be7 15.Nf3 O-O 16.Nh2 Kg7
17.f4 Qc8 18.h4 Rb8 19.a4 Ra8 20.b3 Ncd8 21.Ne1 Ra6 22.Ra2 f5 23.fxe5 Nxe5
24.Bf4 Nef7 25.Raf2 fxe4 26.Bxe4 Ne6 27.Bc1 Nd6 28.Rxf8 Bxf8 29.Bd5 Nf5 30.Qf3 Qe8
31.g4 Nxh4 32.Qf6+  1-0

[Event "5th New Year ELO"]
[Site "Lohmar GER"]
[Date "2001.12.27"]
[Round "1"]
[White "Schott,G"]
[Black "Philipowski,R"]
[Result "0-1"]
[WhiteElo "2118"]
[BlackElo "2284"]

1.Nf3 d5 2.g3 Nf6 3.Bg2 Bf5 4.d3 c6 5.O-O h6 6.Nbd2 e6 7.Re1 Be7 8.b3 O-O
9.Bb2 Nbd7 10.e4 Bh7 11.e5 Ne8 12.Qe2 a5 13.a4 b5 14.Nd4 Qb6 15.f4 bxa4 16.Rxa4 c5
17.N4f3 c4+ 18.Kh1 cxd3 19.cxd3 Nc5 20.Bd4 Qb5 21.Bxc5 Bxc5 22.Bf1 Nc7 23.g4 Na6
24.Nd4 Qb6 25.N2f3 Nb4 26.Rxb4 Qxb4 27.Nc2 Qxf4 28.h3 a4 29.bxa4 Qxa4 30.Ne3 Qa2
31.Qd1 Rfb8 32.d4 Bb4 33.Re2 Qa1 34.Qxa1 Rxa1 35.Kg2 Be7 36.h4 Rb3 37.Kf2 Bd3
38.Rd2 Bxf1 39.Nxf1 Rxf1+  0-1